Rozpoznaj jedzenie i napoje po opisie! - Statystyki

Ogólne statystyki
  • Ten quiz został rozwiązany 5 745 razy
  • Średni wynik to 10 z 15
Statystyki odpowiedzi
Opis Odpowiedź % Poprawnych
Sprzedawany jako gotowy lub do wlasnego przygotowania. Powstaje z podgrzania ziaren kukurydzy. Popcorn
93%
Bardzo popularny owoc w Polsce. Charakteryzuje się czerwoną lub zieloną barwą. Posiada ogonek. Jabłko
92%
Jedzenie tworzone głównie z ziemniaków oraz posypane przyprawą, która ma nadać odpowiedni smak. Najczęściej pakowane w paczki, ale nie rzadko też w tubki. Bardzo popularna przekąska. Chipsy
89%
Jedzenie bardzo kojarzące się z kuchnią włoską. Spożywane po ugotowaniu, gdyż wcześniej jest ono twarde. Wyróżnia się takie rodzaje jak fusilli lub tagliatelle. Makaron
86%
Zielony owoc z charakterystyczną brązową pestką w środku. Posiada twardą skórkę. Jeden ze składników guacamole. Awokado
77%
Czarny napój gazowany, bardzo popularny na całym świecie. Cola
73%
Cukierki z galaretki. Charakterystyczne dla nich są takie kształty jak misie czy węże. Żelki
73%
Mały rodzaj bułki. Charakteryzuje się niską ceną i charakterystycznym rozcięciem na górze, które kształem przypomina spirale. Kajzerka
69%
Mięso wieprzowe uzyskiwane z odcięcia odcinka szyjnego. Bardzo popularne danie na grilla. Karkówka
69%
Bardzo popularny dodatek do śniadania, lecz nie tylko. Po podgrzaniu może być przyrządzone na wiele sposobów. Pochodzenia zwierzęcego. Jajko
64%
Napój mleczny, powstały w efekcie oddzielenia tłuszczu od zmaślonej śmietany. Można spotkać ten napój także w wersjach smakowych, np. owocowe. Maślanka
60%
Trójkątne kawałki ciasta, zrobione najczęściej z mąki kukurydzianej. Pochodzenie meksykańskie. Nachos
56%
Odmiana kapusty warzywnej. Kształem przypomina drzewko koloru zielonego. Brokuł
51%
Bezalkoholowy napój gazowany. Charakterysuje go gorzki smak. Tonik
44%
Tradycyjna kiełbasa hiszpańska robiona z wieprzowiny. Przysmak ten jest łatwo rozpoznawalny spośród innych specjałów kuchni hiszpańskiej dzięki swojemu mocnemu i charakterystycznemu zapachowi Chorizo
38%
Nie znaleziono quizów pasujących do podanych kryteriów
Rozkład punktacji
Procent ludzi z każdym wynikiem
Percentyl według liczby udzielonych odpowiedzi
Twoja historia wyników
Nie rozwiązałeś tego quizu